000 00852nam a2200205Ia 4500
001 10329
003 GE_BSU
008 181216s||||||||xx |||||||||||||| ||und||
040 _cGE_BSU
245 _aქართული მწერლობა:ოცდაათ ტომად.ტ4
245 _bშოთა რუსთაველი
245 _cშემდგ.ა.ბაქრაძე,რ.თვარაძე,სარედ.კოლ.ა.ბაქრაძე და სხვ. ტომის რედ.ს.ცაიშვილი. მხატვ.გ.ღლონტი
260 _aთბილისი
260 _bნაკადული
260 _c1988
300 _a415გვ.20სმ.
653 _aქართული მწერლობა
653 _aშოთა რუსთაველი
942 _cBK
999 _c43595
_d43595